000 00621nam a2200205 i 4500
001 14235
003 ES-MaACL
005 20230906150743.0
007 t|
008 981118s1992 cl ||||1| spa d
020 _a956-262-014-X
080 _a821.134.2(83)-14"19"
100 1 _aVega, Daniel de la.
_9113541
245 1 0 _aCien poemas para un centenario /
_cDaniel de la Vega ; selección de Ximena de la Vega Letelier.
250 _a1ª ed.
260 _a[Chile] :
_bEdiciones del Litoral,
_c1992.
300 _a200 p. ;
_c22 cm.
700 1 _aVega, Ximena de la.
_9113613
852 _aES-MaACL
_jL-21555
_bR.126297
999 _c14235
_d14235